000 00548nam a2200181Ia 4500
008 090123s9999 xx 000 0 und d
082 _b38289
100 _aपुरंदरे माधुरी
245 _aआमची शाळा
250 _a1
260 _bमनोरमा प्रकाशन
_c2005
300 _a48
600 _aपुरंदरे माधुरी
630 _aआमची शाळा
700 _aपुरंदरे माधुरी
730 _aआमची शाळा
942 _cBOOK
999 _c76356
_d76356